00229nam a2200097Ia 4500008004100000041001200041100001800053245004700071260000600118650000700124221030s9999 xx 000 0 und d aEnglish aK. A. Robbins 0aUNIX Systems Programmingcby K. A. Robbins c0 aMc